[Event "Ogolnopolska Olimpiada Mlodziezy C-14"]
[Site "Spala"]
[Date "1899-12-30"]
[Round "3.6"]
[White "Walter, Szymon"]
[Black "Wyczling, Bartosz"]
[Result "1-0"]
[WhiteTitle "I+"]
[BlackTitle "I"]
[WhiteElo "1942"]
[BlackElo "1747"]

1. e4 c5 2. Nc3 e6 3. f4 Nc6 4. Nf3 d5 5. Bb5 Nge7 6. exd5 exd5 7. Qe2 Qd6 8. Ne5
f6 9. Bxc6+ bxc6 10. Nf3 Qe6 11. b3 Qxe2+ 12. Kxe2 d4 13. Ne4 Nd5 14. d3 Bf5 15.
Re1 Kd7 16. Bd2 Re8 17. Kf2 Bd6 18. g3 Bg4 19. Nh4 Re6 20. f5 Re7 21. Kg2 Rhe8
22. h3 Bh5 23. g4 Bf7 24. Kf3 Nb4 25. Rac1 Bd5 26. a3 Na6 27. Ng2 Nc7 28. a4 Na6
29. Bf4 Nb4 30. Bxd6 Bxe4+ 31. Rxe4 Kxd6 32. Nf4 Rxe4 33. dxe4 Re7 34. h4 c4 35.
bxc4 Kc5 36. c3 dxc3 37. Rxc3 Kd4 38. Ne2+ Kc5 39. Ke3 Na2 40. Rc2 Nb4 41. Rc1
Na2 42. Ra1 Nb4 43. Nd4 Rd7 44. Ne6+ Kb6 45. a5+ Kb7 46. Rb1 Rd3+ 47. Kf4 Rh3
48. Rxb4+ 1-0

[Event "Ogolnopolska Olimpiada Mlodziezy C-14"]
[Site "Spala"]
[Date "1899-12-30"]
[Round "3.7"]
[White "Chylewski, Patryk"]
[Black "Tamon, Radoslaw"]
[Result "1/2-1/2"]
[WhiteTitle "I+"]
[BlackTitle "I"]
[WhiteElo "1899"]
[BlackElo "1707"]

1. e4 e6 2. d4 d5 3. Nd2 c5 4. exd5 exd5 5. Ngf3 Nf6 6. Bb5+ Nc6 7. O-O Bd6 8.
Re1+ Be6 9. dxc5 Bxc5 10. Nb3 Be7 11. Nbd4 Bd7 12. Bxc6 bxc6 13. Ne5 Rc8 14. Qe2
O-O 15. Nxd7 Qxd7 16. Qf3 Rfe8 17. Nf5 Bf8 18. Bg5 Ne4 19. Qg4 Kh8 20. Bf4 Nf6
21. Qg5 Ne4 22. Qg4 Nf6 23. Qh3 g6 24. Be5 Rxe5 25. Rxe5 gxf5 26. Qxf5 Qxf5 27.
Rxf5 Bg7 28. Re1 Kg8 29. Re7 Re8 30. Rxe8+ Nxe8 31. c3 Nd6 32. Rf4 Nc4 33. b3
Nb6 34. Rf3 Kf8 35. Kf1 Ke7 36. Ke2 Ke6 37. Re3+ Kd7 38. Rf3 Ke6 39. Re3+ Kd7
40. Rf3 Ke6 41. Re3+ Ke5 1/2-1/2

[Event "Ogolnopolska Olimpiada Mlodziezy C-14"]
[Site "Spala"]
[Date "1899-12-30"]
[Round "3.8"]
[White "Lukasiewicz, Krzysztof"]
[Black "Blocinski, Maciej"]
[Result "1/2-1/2"]
[WhiteTitle "I"]
[BlackTitle "I"]
[WhiteElo "1803"]
[BlackElo "1665"]

1. e4 e5 2. Nf3 Nc6 3. Bc4 Nf6 4. d3 Be7 5. O-O d6 6. Re1 O-O 7. c3 Na5 8. Nbd2
Nxc4 9. Nxc4 Be6 10. Ne3 h6 11. a4 c5 12. Qe2 Re8 13. Bd2 Bf8 14. Nf1 g6 15. b4
Qc7 16. c4 b6 17. Reb1 Reb8 18. Bc3 Bg7 19. Rb2 Nd7 20. Rab1 Kh7 21. Ne3 Qd8 22.
Qd2 Qc8 23. Ne1 f6 24. N1c2 Bf8 25. Qd1 Qd8 26. Na3 a6 27. Qd2 cxb4 28. Bxb4 Nc5
29. Bxc5 bxc5 30. Rb7+ Bg7 31. Qb2 Rxb7 32. Qxb7 Qc8 33. Nd5 Bxd5 34. cxd5 Qe8
35. Nc4 Rd8 36. a5 Qa4 37. g3 Qc2 38. Qb3 Qe2 39. Kg2 f5 40. Rb2 Qh5 41. Qb6 Rf8
42. Qb3 f4 43. Nxd6 f3+ 1/2-1/2

[Event "Ogolnopolska Olimpiada Mlodziezy C-14"]
[Site "Spala"]
[Date "1899-12-30"]
[Round "3.9"]
[White "Janiszewski, Filip"]
[Black "Drozdowski, Konrad"]
[Result "1/2-1/2"]
[WhiteTitle "I"]
[BlackTitle "I+"]
[WhiteElo "1824"]
[BlackElo "1967"]

1. e4 c5 2. Nf3 e6 3. d4 cxd4 4. Nxd4 a6 5. Bd3 Nf6 6. Qe2 d6 7. c4 g6 8. Nc3 Bg7
9. Be3 O-O 10. O-O Qc7 11. f4 Nbd7 12. Kh1 b6 13. Rac1 Nc5 14. Bb1 Bb7 15. Bg1
Rfd8 16. b4 Ncd7 17. Nd5 exd5 18. cxd5 Nc5 19. Nb3 Re8 20. bxc5 bxc5 21. Qf3 a5
22. Rfe1 a4 23. Nd2 Nd7 24. Bd3 Reb8 25. Nc4 Ba6 26. Rb1 Bxc4 27. Bxc4 Qa5 28.
Qd3 Qc3 29. Qe2 Rb6 30. Bb5 Nf8 31. e5 Rab8 32. e6 Rxb5 33. Rxb5 Rxb5 34. e7 Rb8
35. e8=Q Rxe8 36. Qxe8 Qd2 37. Qe7 Qxd5 38. Qe2 Ne6 39. Rd1 Bd4 40. Bxd4 Nxd4
41. Qe8+ Kg7 42. Qxa4 Qe4 43. Qc4 Qe3 44. a4 Qa3 45. h3 Nf5 46. Rc1 Nd4 47. Qc3
Qa2 48. Ra1 Qf2 49. a5 Kh6 50. a6 Ne2 51. Qf3 1/2-1/2

[Event "Ogolnopolska Olimpiada Mlodziezy C-14"]
[Site "Spala"]
[Date "1899-12-30"]
[Round "3.10"]
[White "Klepek, Witold"]
[Black "Raczynski, Krzysztof"]
[Result "1-0"]
[WhiteTitle "I"]
[BlackTitle "I"]
[WhiteElo "1815"]
[BlackElo "1634"]

1. e4 c5 2. Nf3 d6 3. d4 cxd4 4. Nxd4 Nf6 5. Nc3 a6 6. Bg5 e6 7. f4 Be7 8. Qf3
Qc7 9. O-O-O b5 10. g4 Nbd7 11. Bxf6 Nxf6 12. g5 Nd7 13. f5 Bxg5+ 14. Kb1 Nc5
15. Qh5 Be7 16. fxe6 Bxe6 17. Bh3 g6 18. Qf3 b4 19. Nd5 Bxd5 20. exd5 O-O 21.
Nc6 a5 22. Rhg1 Rfe8 23. Bg4 Bf8 24. h4 Bg7 25. h5 Na4 26. hxg6 fxg6 27. Be6+
Kh8 28. Rxg6 Rab8 29. Rh1 Bxb2 30. Bf7 Re1+ 31. Rxe1 hxg6 32. Bxg6 Be5 33. Rh1+
Kg8 34. Bh7+ Kh8 35. Bf5+ Kg7 36. Rh7+ 1-0

[Event "Ogolnopolska Olimpiada Mlodziezy C-14"]
[Site "Spala"]
[Date "1899-12-30"]
[Round "3.11"]
[White "Sernecki, Franciszek"]
[Black "Poplawski, Maciej"]
[Result "1-0"]
[WhiteTitle "I"]
[BlackTitle "II"]
[WhiteElo "1773"]
[BlackElo "1591"]

1. d4 Nf6 2. Nf3 d5 3. c4 e6 4. g3 Bd6 5. Bg2 O-O 6. O-O Bd7 7. Qc2 Bc6 8. Nbd2
Re8 9. b3 Nbd7 10. Bb2 Bb4 11. Rac1 Rc8 12. Rfd1 Nb6 13. Ne5 Bxd2 14. Rxd2 Nbd7
15. b4 a6 16. a4 Nb6 17. b5 axb5 18. axb5 Bd7 19. c5 Nc4 20. Nxc4 dxc4 21. c6
bxc6 22. bxc6 Rb8 23. cxd7 Qxd7 24. Qxc4 Nd5 25. Bxd5 exd5 26. Qxc7 Qg4 27. Qf4
Qxf4 28. gxf4 1-0

[Event "Ogolnopolska Olimpiada Mlodziezy C-14"]
[Site "Spala"]
[Date "1899-12-30"]
[Round "3.12"]
[White "Wrobel, Michal"]
[Black "Sulkowski, Andrzej"]
[Result "0-1"]
[WhiteTitle "I"]
[BlackTitle "II+"]
[WhiteElo "1746"]
[BlackElo "1585"]

1. e4 e6 2. d4 d5 3. exd5 exd5 4. Nf3 Bd6 5. Bd3 Bg4 6. h3 Bh5 7. O-O Nc6 8. Re1+
Nge7 9. c3 Qd7 10. b3 O-O-O 11. Ba3 g5 12. Bxd6 Qxd6 13. Nbd2 Rdg8 14. Qc2 g4
15. Bf5+ Kb8 16. Ne5 gxh3 17. Bxh3 Qh6 18. Qd3 Nxe5 19. dxe5 Ng6 20. Qe3 Nf4 21.
Nf1 Bg6 22. Ng3 Nxh3+ 23. gxh3 Qxh3 24. e6 Qxe6 25. Qxe6 fxe6 26. Rxe6 Re8 27.
Rae1 Rxe6 28. Rxe6 Re8 29. Rf6 Re1+ 30. Kg2 b6 31. f4 Re7 32. f5 Rf7 33. Rxf7
Bxf7 34. Kf3 Kc8 35. Kf4 Kd7 36. Kg5 Ke7 37. Ne2 c5 38. Nf4 h6+ 39. Kg4 Kf6 40.
Ne2 Ke5 41. Ng3 Be8 42. Ne2 d4 43. cxd4+ cxd4 44. Ng3 Bd7 0-1

[Event "Ogolnopolska Olimpiada Mlodziezy C-14"]
[Site "Spala"]
[Date "1899-12-30"]
[Round "3.13"]
[White "Miszkielo, Bartosz"]
[Black "Mendak, Mateusz"]
[Result "1-0"]
[WhiteTitle "I"]
[BlackTitle "II"]
[WhiteElo "1707"]
[BlackElo "1575"]

1. Nf3 d5 2. c4 dxc4 3. Qa4+ Nc6 4. g3 Bd7 5. Qxc4 e5 6. Bg2 Bd6 7. O-O Nf6 8.
d4 Be6 9. Qb5 a6 10. Qxb7 Na5 11. Qxa8 Qxa8 12. dxe5 Be7 13. exf6 Bxf6 14. Nc3
Qc8 15. Bg5 Bxg5 16. Nxg5 Bc4 17. b4 Nb7 18. Bc6+ Ke7 19. Rfd1 Nd6 20. Bd5 c6
21. Bxc4 Nxc4 22. Rd4 Nb6 23. Rad1 c5 24. Re4+ Kf6 25. h4 Rd8 26. Rxd8 Qxd8 27.
bxc5 Nc8 28. Rf4+ Kg6 29. Nxf7 Qd2 30. Rf3 Ne7 31. Ne5+ Kh6 32. c6 Nd5 33. Nxd5
Qxd5 34. Nf7+ Kg6 35. Kg2 h6 36. Kh2 Kh7 37. a3 Qxc6 38. Ne5 Qd6 39. Re3 Qd5 40.
Nf3 Kg8 41. Ne5 Kh7 42. Nd3 Qd6 43. Nf4 Qc6 44. h5 Kg8 45. Ng6 Qc5 46. Nf4 Kf7
47. Kg2 a5 48. Kh2 Kg8 49. Kg2 Kf7 50. Kh3 Qd6 51. Ng6 Qc5 52. Nf4 Qd6 53. Kh2
Kg8 54. Rf3 Qd7 55. Ng6 Qd6 56. Rf8+ Qxf8 57. Nxf8 Kxf8 58. Kg2 Ke7 59. Kf3 1-0

[Event "Ogolnopolska Olimpiada Mlodziezy C-14"]
[Site "Spala"]
[Date "1899-12-30"]
[Round "3.14"]
[White "Leskiewicz, Ignacy"]
[Black "Pietras, Daniel"]
[Result "1/2-1/2"]
[WhiteTitle "I"]
[BlackTitle "II+"]
[WhiteElo "1685"]
[BlackElo "1509"]

1. e4 e5 2. Nf3 Nc6 3. Bb5 Bc5 4. c3 Nge7 5. O-O Bb6 6. d3 O-O 7. Nbd2 d6 8. Re1
f5 9. h3 Ng6 10. Nf1 fxe4 11. dxe4 Qf6 12. Bc4+ Be6 13. Bxe6+ Qxe6 14. Be3 Nf4
15. Ng3 Ne7 16. Kh2 Qc4 17. Qb3 Qxb3 18. axb3 Nd3 19. Re2 Bxe3 20. Rxe3 Nf4 21.
b4 Ne6 22. b3 g6 23. Re2 a6 24. Rea2 Rab8 25. Ne1 Nc6 26. Nd3 Nf4 27. Nxf4 Rxf4
28. f3 Rf7 29. Ne2 Kg7 30. Rf1 Rbf8 31. Ng1 Re8 32. Re2 Nd8 33. g3 Ne6 34. h4
h6 35. Nh3 Ref8 36. Ref2 g5 37. h5 g4 38. fxg4 Rxf2+ 39. Rxf2 Rxf2+ 40. Nxf2 Kf6
41. Kg2 Ng5 42. Kf1 Nf3 43. Ke2 Nh2 44. Nh3 Nxg4 45. c4 Ke6 46. Kf3 Nh2+ 47. Kg2
Ng4 48. Kf3 Nh2+ 49. Kf2 Ng4+ 50. Kf3 Nh2+ 1/2-1/2

[Event "Ogolnopolska Olimpiada Mlodziezy C-14"]
[Site "Spala"]
[Date "1899-12-30"]
[Round "3.15"]
[White "Paliszewski, Dominik"]
[Black "Tokarz, Krzysztof"]
[Result "0-1"]
[WhiteTitle "II"]
[BlackTitle "II"]
[WhiteElo "1648"]
[BlackElo "1498"]

1. e4 e6 2. d4 d5 3. e5 c5 4. c3 Nc6 5. Nf3 Nh6 6. Bxh6 gxh6 7. Be2 cxd4 8. cxd4
Bg7 9. Nc3 O-O 10. O-O f6 11. Bb5 fxe5 12. dxe5 Nxe5 13. Nxe5 Bxe5 14. Re1 Qf6
15. Qd2 a6 16. Ba4 b5 17. Bc2 Ra7 18. Re2 Rg7 19. Nxd5 Qf3 20. Be4 Bxh2+ 21. Kf1
Rxg2 22. Ne7+ Kf7 23. Qf4+ Qxf4 24. Bxg2 Kxe7 0-1

[Event "Ogolnopolska Olimpiada Mlodziezy C-14"]
[Site "Spala"]
[Date "1899-12-30"]
[Round "3.16"]
[White "Filewicz, Radoslaw"]
[Black "Kubiak, Jakub"]
[Result "1-0"]
[WhiteTitle "I"]
[BlackTitle "I"]
[WhiteElo "1508"]
[BlackElo "1646"]

1. Nf3 Nf6 2. g3 g6 3. Bg2 Bg7 4. O-O O-O 5. d3 d5 6. Nbd2 Bf5 7. c3 Re8 8. Qb3
Bc8 9. Ne5 c6 10. d4 Nbd7 11. f4 Qb6 12. Kh1 e6 13. e3 Nxe5 14. fxe5 Ng4 15. Nf3
Bh6 16. Re1 Nf2+ 17. Kg1 Nd3 18. Re2 c5 19. g4 Bd7 20. g5 Bb5 21. Rd2 Bg7 22.
Kh1 Rec8 23. Qd1 c4 24. Bf1 Nxc1 25. Qxc1 h6 26. Qe1 h5 27. Bg2 Bd7 28. Qf2 Qc7
29. Rf1 Be8 30. Rdd1 b5 31. Nd2 Rab8 32. a3 a5 33. e4 Rd8 34. Rde1 Bc6 35. exd5
Bxd5 36. Bxd5 exd5 37. Nf3 Re8 38. Nh4 Re6 39. Qf3 Rd8 40. Ng2 Qe7 41. Nf4 Qxg5
42. Nxe6 fxe6 43. Qf7+ Kh7 44. Qxe6 Qd2 45. Rg1 Qd3 46. Rg3 Qc2 47. Reg1 Qe4+
48. R3g2 g5 49. Qe7 h4 50. Qxg5 Rd7 51. Qh5+ Bh6 52. Qg6+ Qxg6 53. Rxg6 b4 54.
Rd6 Rxd6 55. exd6 Bf8 56. d7 Be7 57. Re1 Bf6 58. Re8 bxc3 59. bxc3 Kg7 60. d8=Q
1-0

[Event "Ogolnopolska Olimpiada Mlodziezy C-14"]
[Site "Spala"]
[Date "1899-12-30"]
[Round "3.17"]
[White "Urbanski, Wojciech"]
[Black "Szustakowski, Antoni"]
[Result "0-1"]
[WhiteTitle "II"]
[BlackTitle "II"]
[WhiteElo "1400"]
[BlackElo "1621"]

1. e4 c5 2. Nf3 a6 3. d4 cxd4 4. Nxd4 Nf6 5. Nc3 e5 6. Nf3 Nc6 7. Bc4 Bb4 8. O-O
O-O 9. Bg5 Bxc3 10. bxc3 h6 11. Bxf6 Qxf6 12. Bd5 Rb8 13. Rb1 Ne7 14. c4 d6 15.
Nd2 Qg6 16. Qf3 Nxd5 17. cxd5 f5 18. Qg3 Qf6 19. f3 b5 20. a3 Bd7 21. Rfc1 Rfc8
22. Qf2 Rc7 23. Rb2 Qg5 24. Re1 Rbc8 25. Nb1 fxe4 26. fxe4 Qf6 27. Qe2 Qg6 28.
c3 a5 29. Qe3 Rc4 30. Rbe2 b4 31. cxb4 axb4 32. axb4 Rxb4 33. Nd2 Bb5 34. Rf2
Rc2 35. Qa3 Rbb2 36. Qe3 Qg5 37. Qxg5 hxg5 38. Rb1 Rxd2 39. Rxd2 Rxb1+ 40. Kf2
Rb4 41. Ke3 Rb3+ 42. Kf2 Bd3 43. Kf3 Bb1+ 44. Kg4 Bxe4 45. Kxg5 Rd3 46. Rb2 Rxd5
47. Re2 Rd4 48. g4 Bf3 0-1

[Event "Ogolnopolska Olimpiada Mlodziezy C-14"]
[Site "Spala"]
[Date "1899-12-30"]
[Round "3.18"]
[White "Miasik, Adrian"]
[Black "Karwat, Szymon"]
[Result "1/2-1/2"]
[WhiteTitle "II"]
[BlackTitle "II"]
[WhiteElo "1594"]
[BlackElo "1379"]

1. d4 d5 2. c4 e6 3. Nf3 Nf6 4. Nc3 Be7 5. e3 b6 6. cxd5 exd5 7. Be2 Bb7 8. Bd2
Nbd7 9. O-O O-O 10. Rc1 c5 11. Bb5 a6 12. Be2 Rc8 13. Bd3 Ne4 14. Qc2 cxd4 15.
exd4 Ndf6 16. Qb3 b5 17. Bf4 Bd6 18. Bxd6 Qxd6 19. a4 b4 20. Ne2 a5 21. h3 Ba6
22. Rxc8 Rxc8 23. Rc1 Rxc1+ 24. Nxc1 Bxd3 25. Nxd3 Qc6 26. Nfe5 Qb6 27. Qc2 g6
28. Nf3 Kg7 29. Nde5 Nd6 30. Qc6 Qd8 31. Qa6 Qc7 32. Qc6 Qd8 33. Nd2 Nfe4 34.
Nxe4 Nxe4 35. f3 Nd2 36. Qb7 Qf6 37. Qxd5 Qf4 38. Ng4 f6 39. Qe6 Qxd4+ 40. Kh1
Qd8 41. Nxf6 Nxf3 42. Ne8+ Kf8 43. Nd6 Ng5 44. Qe5 Nf7 45. Nxf7 Kxf7 1/2-1/2

[Event "Ogolnopolska Olimpiada Mlodziezy C-14"]
[Site "Spala"]
[Date "1899-12-30"]
[Round "3.19"]
[White "Krawczyk, Piotr"]
[Black "Hrymowicz, Artur"]
[Result "0-1"]
[WhiteTitle "II+"]
[BlackTitle "II"]
[WhiteElo "1513"]
[BlackElo "1425"]

1. d4 d5 2. c4 e6 3. Nc3 Nf6 4. Bg5 Nbd7 5. Nf3 c6 6. e3 Bb4 7. a3 Bxc3+ 8. bxc3
O-O 9. cxd5 exd5 10. Bd3 h6 11. Bh4 Nb6 12. Qc2 Re8 13. O-O Qd6 14. Nd2 Qe6 15.
Rfe1 Qg4 16. Bxf6 gxf6 17. e4 Kh8 18. Re3 h5 19. Rae1 h4 20. exd5 Rg8 21. Be4
cxd5 22. Bf3 Qg5 23. c4 Bh3 24. g3 hxg3 25. fxg3 dxc4 26. Bxb7 Rab8 27. Re7 Qh4
28. Nf3 Qh5 29. Qe4 Be6 30. Qf4 Nd7 31. Bc6 Rg4 32. Qc7 Rb2 33. Bxd7 Qh3 34. Qd8+
Kg7 35. Rxf7+ Bxf7 36. Bxg4 Qg2# 0-1

[Event "Ogolnopolska Olimpiada Mlodziezy C-14"]
[Site "Spala"]
[Date "1899-12-30"]
[Round "3.20"]
[White "Holownia, Michal"]
[Black "Choina, Michal"]
[Result "0-1"]
[WhiteTitle "II"]
[BlackTitle "II"]
[WhiteElo "1576"]
[BlackElo "1627"]

1. e4 c5 2. Nf3 e6 3. d4 cxd4 4. Nxd4 a6 5. Nc3 Qc7 6. Bd3 Nf6 7. O-O Bc5 8. Nb3
Be7 9. Kh1 d6 10. f4 Nbd7 11. Qf3 b5 12. Bd2 Bb7 13. Rae1 h6 14. Qf2 O-O 15. Qg3
Kh8 16. Qh3 e5 17. f5 Rg8 18. Nd5 Bxd5 19. exd5 Bf8 20. c3 Qb7 21. Bc2 Qxd5 22.
Rd1 Qc6 23. Nc1 Rc8 24. Nd3 Nc5 25. Nf2 a5 26. Rfe1 a4 27. Bg5 Nh7 28. Bc1 Be7
29. Ng4 Bg5 30. f6 Bxc1 31. Rxc1 e4 32. fxg7+ Rxg7 33. Nxh6 Re8 34. Rf1 Qb7 35.
Nf5 Rg6 36. Rf4 Rd8 37. Qh4 Re8 38. Nh6 Rg7 39. Re1 d5 40. Qf2 Qc7 41. Nxf7+ Kg8
42. Nh6+ Kh8 43. Nf5 Rf8 44. Nxg7 Rxf4 45. Qg3 Qf7 46. Rg1 Rf6 47. Qb8+ Kxg7 48.
Qxb5 Qc7 49. Qb4 Rh6 50. Qd4+ Nf6 51. h3 Kh7 0-1

[Event "Ogolnopolska Olimpiada Mlodziezy C-14"]
[Site "Spala"]
[Date "1899-12-30"]
[Round "3.21"]
[White "Laszczak, Przemyslaw"]
[Black "Gaj, Szymon"]
[Result "0-1"]
[WhiteTitle "II+"]
[BlackTitle "II+"]
[WhiteElo "1625"]
[BlackElo "1544"]

1. d4 g6 2. c4 Bg7 3. e4 c5 4. d5 d6 5. Nc3 Bxc3+ 6. bxc3 Qa5 7. Qc2 f5 8. f3 fxe4
9. fxe4 Nf6 10. Bd3 Nbd7 11. Nf3 Nb6 12. O-O Bd7 13. e5 dxe5 14. Nxe5 Rf8 15.
Bh6 Rg8 16. Rae1 O-O-O 17. d6 Ba4 18. Qc1 Rxd6 19. Be2 Nbd7 20. Bf4 Nxe5 21. Bxe5
Re6 22. Bxf6 Rxf6 23. Bg4+ Kb8 24. Rxe7 Rxf1+ 25. Kxf1 Rf8+ 26. Kg1 Bc6 27. Qe1
Qxa2 28. Bf3 Qa6 29. Qe5+ Ka8 30. Re6 Qa1+ 31. Kf2 Qa2+ 32. Kg1 Qb1+ 33. Kf2 Qf5
34. Qe2 a6 35. Re5 Qf4 36. h3 Bxf3 37. gxf3 Qh2+ 38. Ke1 Qxe2+ 39. Kxe2 Rf5 40.
Re4 a5 41. Rg4 Ka7 42. Rg1 Rh5 43. Rh1 Kb6 44. f4 a4 45. Kf3 Ka5 46. Kg4 Rf5 47.
Rd1 h5+ 48. Kg3 a3 49. Rd7 a2 50. Rd8 Ka4 51. Ra8+ Kb3 52. Ra7 b6 53. Ra6 Rf6
54. Kh4 Kb2 55. Kg5 Rd6 56. f5 gxf5 57. Kxh5 a1=Q 58. Rxa1 Kxa1 59. Kg5 Kb2 60.
h4 Kxc3 61. h5 Kxc4 62. h6 Rxh6 63. Kxh6 0-1

[Event "Ogolnopolska Olimpiada Mlodziezy C-14"]
[Site "Spala"]
[Date "1899-12-30"]
[Round "3.22"]
[White "Bakalarczyk, Jakub"]
[Black "Modlich, Kacper"]
[Result "1-0"]
[WhiteTitle "II"]
[BlackTitle "II+"]
[WhiteElo "1442"]
[BlackElo "1592"]

1. d4 d5 2. c4 e6 3. Nc3 Nf6 4. Bg5 c6 5. e3 Nbd7 6. Nf3 Be7 7. a3 h6 8. Bh4 O-O
9. Qc2 Bd6 10. Be2 Qc7 11. Bg3 Bxg3 12. hxg3 Nb6 13. cxd5 exd5 14. O-O Bg4 15.
b4 a6 16. Rfc1 Rfc8 17. a4 Bd7 18. Ne5 a5 19. Nxd7 Nbxd7 20. b5 c5 21. dxc5 Qxc5
22. Qd2 Ne5 23. Bf3 Nxf3+ 24. gxf3 Qd6 25. Ne4 Nxe4 26. fxe4 Rxc1+ 27. Rxc1 Qa3
28. Rc7 Qa1+ 29. Kg2 Qe5 30. Rxb7 Qxe4+ 31. f3 Qxa4 32. Qxd5 Qc2+ 33. Kh3 Rf8
34. b6 Qc8+ 35. Rd7 a4 36. b7 Qb8 37. Qc5 a3 38. Qxa3 Qe5 39. Qd6 Qb5 40. Rd8
Qf1+ 41. Kh4 g5+ 42. Kg4 f5+ 43. Kh5 1-0

[Event "Ogolnopolska Olimpiada Mlodziezy C-14"]
[Site "Spala"]
[Date "1899-12-30"]
[Round "3.23"]
[White "Rak, Maciej"]
[Black "Trendowski, Michal"]
[Result "1-0"]
[WhiteTitle "II"]
[BlackTitle "II+"]
[WhiteElo "1395"]
[BlackElo "1582"]

1. e4 c5 2. Nc3 Nc6 3. f4 e6 4. Nf3 d5 5. Bb5 Qd6 6. d3 a6 7. Bxc6+ Qxc6 8. O-O
Nf6 9. e5 Nd7 10. h3 b5 11. Bd2 Nb6 12. Qe1 Bb7 13. Kh2 Be7 14. Rc1 O-O-O 15.
d4 Nc4 16. b3 Nxd2 17. Qxd2 h6 18. a4 b4 19. Ne2 Rdg8 20. c3 bxc3 21. Qxc3 g5
22. dxc5 d4 23. Nexd4 Qd5 24. c6 Ba8 25. b4 g4 26. hxg4 Rxg4 27. Qd3 Rhg8 28.
Qxa6+ Kb8 29. c7# 1-0

[Event "Ogolnopolska Olimpiada Mlodziezy C-14"]
[Site "Spala"]
[Date "1899-12-30"]
[Round "4.1"]
[White "Janik, Igor"]
[Black "Zaleski, Lukasz"]
[Result "1-0"]
[WhiteTitle "I++"]
[BlackTitle "I"]
[WhiteElo "2052"]
[BlackElo "1876"]

1. e4 e6 2. d4 d5 3. Nd2 dxe4 4. Nxe4 Nd7 5. Nf3 Ngf6 6. Nxf6+ Nxf6 7. Bd3 c5 8.
Be3 Qc7 9. Qe2 Be7 10. O-O-O O-O 11. dxc5 Bxc5 12. Bxc5 Qxc5 13. Ne5 b6 14. g4
g6 15. h4 Bb7 16. Rhe1 Rad8 17. h5 Kg7 18. f3 Nd5 19. Qh2 Nb4 20. a3 Nxd3+ 21.
Nxd3 Qc4 22. g5 Qd5 23. Kb1 gxh5 24. Qxh5 Qxf3 25. Qh6+ Kg8 26. Rh1 Be4 27. Rdf1
Qe3 28. Re1 Qf3 29. Rh3 Qf5 30. g6 Qxg6 31. Rxe4 Qxh6 32. Rxh6 Kg7 33. Rh1 Rfe8
34. Rg4+ Kf6 35. Rf1+ Ke7 36. Rg7 Kd6 37. Rfxf7 e5 38. Rxa7 e4 39. Rg3 exd3 40.
Rxd3+ Kc6 41. Rxd8 Rxd8 42. Rxh7 Rd2 43. b3 Kc5 44. Kb2 b5 45. Rh5+ Kc6 46. b4
Rg2 47. Rh6+ Kc7 48. Kb3 Rg3+ 49. c3 Kb7 50. Rh2 Kc6 51. Ra2 Rh3 52. a4 bxa4+
53. Rxa4 Kb5 54. Ra5+ Kb6 55. Re5 Rg3 56. Kc4 Rg4+ 57. Kd3 Kc6 58. Re4 Rg3+ 59.
Kc4 Rg6 60. b5+ Kb6 61. Kb4 Rg5 62. Re6+ Kb7 63. c4 Rg4 64. Kc5 Rg7 65. Re4 Kc7
66. b6+ Kb7 67. Kb5 Rg1 68. Re7+ Kc8 69. c5 Rg5 70. Rc7+ Kb8 71. Re7 Kc8 72. Kc4
Rg6 73. Kd5 Rg5+ 74. Re5 Rg1 75. c6 Rd1+ 76. Kc5 Rc1+ 77. Kb5 Rb1+ 78. Ka6 Ra1+
79. Ra5 Rh1 80. Kb5 Rb1+ 81. Kc5 Rc1+ 82. Kd5 Rd1+ 83. Ke4 Re1+ 84. Kd3 Kb8 85.
c7+ Kb7 86. Ra8 Rd1+ 87. Kc2 1-0

[Event "Ogolnopolska Olimpiada Mlodziezy C-14"]
[Site "Spala"]
[Date "1899-12-30"]
[Round "4.2"]
[White "Gumularz, Szymon"]
[Black "Woloch, Oskar"]
[Result "1/2-1/2"]
[WhiteTitle "I++"]
[BlackTitle "I+"]
[WhiteElo "2024"]
[BlackElo "1892"]

1. d4 c5 2. d5 e5 3. e4 d6 4. Nc3 Be7 5. Nf3 a6 6. a4 Bg4 7. b3 Bxf3 8. Qxf3 Bg5
9. Bb2 Nd7 10. Bd3 h5 11. Nd1 g6 12. O-O Kf8 13. Ne3 Kg7 14. Qe2 Ngf6 15. g3 Bxe3
16. Qxe3 h4 17. Be2 Nh5 18. Bxh5 Rxh5 19. g4 Rh8 20. h3 f6 21. Qd3 g5 22. c4 a5
23. Bc3 b6 24. Bd2 Nf8 25. f3 Ng6 26. Rfe1 Ra7 27. Re2 Nf4 28. Bxf4 gxf4 29. Kh1
Kg6 30. Rc1 Kg5 31. Ra1 Qa8 32. Rc1 Rhh7 33. Ra1 Qh8 34. Rc1 Ra8 35. Rg2 Rha7
36. Rcc2 Qh6 37. Rc1 Qf8 38. Rcc2 Qb8 39. Rc1 Qb7 40. Rcc2 Qa6 1/2-1/2

[Event "Ogolnopolska Olimpiada Mlodziezy C-14"]
[Site "Spala"]
[Date "1899-12-30"]
[Round "4.3"]
[White "Karpus, Michal"]
[Black "Koziol, Kamil"]
[Result "1/2-1/2"]
[WhiteTitle "I+"]
[BlackTitle "I++"]
[WhiteElo "1902"]
[BlackElo "2005"]

1. e4 c5 2. Nf3 Nc6 3. d4 cxd4 4. Nxd4 Nf6 5. Nc3 e6 6. Ndb5 Bb4 7. a3 Bxc3+ 8.
Nxc3 d5 9. exd5 exd5 10. Bd3 O-O 11. O-O d4 12. Ne2 Bg4 13. f3 Bh5 14. Nf4 Bg6
15. Nxg6 hxg6 16. f4 Qd6 17. Qf3 Rfe8 18. Bd2 Nd5 19. Rae1 Rxe1 20. Rxe1 Nce7
21. Re5 Rd8 22. g4 Nc6 23. Re2 Nde7 24. h3 a6 25. Qe4 Nd5 26. h4 Nf6 27. Qf3 Re8
28. g5 Rxe2 29. Qxe2 Nd7 30. Qe4 Nc5 31. Qe8+ Qf8 32. Qxf8+ Kxf8 33. Be2 Ne4 34.
Be1 Nd6 35. Kg2 Ke7 36. Kf3 Ke6 37. Bd3 b5 38. b3 Kd5 39. Bd2 Ke6 40. Be4 Nxe4
41. Kxe4 f5+ 42. Kd3 Kd5 43. c3 Na5 44. cxd4 Nxb3 45. Bc3 a5 46. Bb2 a4 47. Bc3
Ke4+ 48. Kxe4 1/2-1/2

[Event "Ogolnopolska Olimpiada Mlodziezy C-14"]
[Site "Spala"]
[Date "1899-12-30"]
[Round "4.4"]
[White "Walter, Szymon"]
[Black "Kowalski, Igor"]
[Result "0-1"]
[WhiteTitle "I+"]
[BlackTitle "I"]
[WhiteElo "1942"]
[BlackElo "1852"]

1. e4 c5 2. Nc3 Nc6 3. Nge2 g6 4. d4 cxd4 5. Nxd4 Bg7 6. Be3 d6 7. Qd2 Nf6 8. f3
h5 9. Bc4 Bd7 10. O-O-O Na5 11. Bb3 Nxb3+ 12. cxb3 a6 13. Kb1 Rc8 14. Rc1 O-O
15. h3 b5 16. g4 e6 17. Nce2 e5 18. Nc2 Be6 19. Bg5 d5 20. exd5 Qxd5 21. Qe3 Nh7
22. Nc3 Qb7 23. Ne4 Qa8 24. gxh5 f6 25. Bh6 Bxh6 26. Qxh6 g5 27. h4 g4 28. Qg6+
Kh8 29. Nd6 Rcd8 30. h6 Qa7 31. Nf5 Rg8 32. Ng7 gxf3 33. Qe4 Bd5 34. Qg6 Qb7 35.
Qd3 Be4 36. Qe3 Rd3 37. Qc5 Rc8 38. Qf2 Qd5 39. a3 Rd2 0-1

[Event "Ogolnopolska Olimpiada Mlodziezy C-14"]
[Site "Spala"]
[Date "1899-12-30"]
[Round "4.5"]
[White "Tamon, Radoslaw"]
[Black "Grela, Kacper"]
[Result "0-1"]
[WhiteTitle "I"]
[BlackTitle "I+"]
[WhiteElo "1707"]
[BlackElo "2025"]

1. e4 c5 2. Nf3 d6 3. d4 cxd4 4. Nxd4 Nf6 5. Nc3 Nc6 6. Bg5 e6 7. Qd2 a6 8. O-O-O
Bd7 9. f3 Qc7 10. Kb1 Be7 11. h4 h6 12. Be3 Ne5 13. Bd3 Nc4 14. Bxc4 Qxc4 15.
g4 O-O-O 16. Nb3 Qc7 17. Qf2 Rdf8 18. Bb6 Qb8 19. Na5 Bc6 20. Nc4 Nd7 21. Qh2
Nxb6 22. Nxb6+ Kc7 23. Nc4 Rd8 24. Qf4 Rhf8 25. Qd2 Qa7 26. Ne3 Qc5 27. Ne2 Bf6
28. Nc1 b5 29. Nd3 Qb6 30. Nb4 Bb7 31. c3 Kb8 32. Nbc2 Rfe8 33. Nd4 Re7 34. Nec2
Rc7 35. g5 hxg5 36. hxg5 Be7 37. Rh7 Qc5 38. Rxg7 Qe5 39. Rh7 Bxg5 40. Qe2 f5
41. Rxc7 Kxc7 42. exf5 Qxe2 43. Nxe2 Bxf3 44. Ncd4 Bxe2 45. Nxe2 e5 46. Ng3 d5
47. Nh5 Kd6 48. Ng3 Ke7 49. Kc2 Kf6 50. Ne4+ Kxf5 51. Nc5 e4 52. Nxa6 e3 53. Nc7
Ke4 54. Nxb5 Rh8 55. Nd4 Rh2+ 56. Kb3 Bf6 57. a4 Bxd4 58. Rxd4+ Kf3 59. Rxd5 e2
60. Re5 Rh4 61. Rxe2 Kxe2 62. c4 Kd3 63. c5 Rc4 64. c6 Kd4 65. Ka3 Kd5 66. c7
Rxc7 67. Kb4 Kc6 68. Kc4 Kb6+ 69. Kb4 Rh7 70. a5+ Ka6 71. Ka4 Rh4+ 72. b4 Rg4
0-1

[Event "Ogolnopolska Olimpiada Mlodziezy C-14"]
[Site "Spala"]
[Date "1899-12-30"]
[Round "4.6"]
[White "Drozdowski, Konrad"]
[Black "Sernecki, Franciszek"]
[Result "1/2-1/2"]
[WhiteTitle "I+"]
[BlackTitle "I"]
[WhiteElo "1967"]
[BlackElo "1773"]

1. e4 d6 2. d4 Nf6 3. Nc3 c6 4. f4 Qa5 5. e5 Ne4 6. Qf3 d5 7. Bd3 Na6 8. Bxe4 dxe4
9. Qe2 g6 10. Bd2 Qb6 11. O-O-O Be6 12. Be3 Bd5 13. Nh3 O-O-O 14. Nf2 f5 15. exf6
exf6 16. Nfxe4 f5 17. Nxd5 cxd5 18. Nc3 Bb4 19. Rd3 Kb8 20. a3 Bxc3 21. Rxc3 Rc8
22. Bf2 Qd6 23. Rxc8+ Rxc8 24. Bg3 Qc6 25. Re1 Qa4 26. Qd3 Re8 27. Re5 Qc6 28.
Qe2 Nc7 29. Kb1 Re6 30. Bh4 Kc8 31. g4 Qe8 32. Qf3 Rxe5 33. dxe5 fxg4 34. Qxg4+
Qe6 35. Qg5 b6 36. Qg1 Qh3 37. Bg3 Qg4 38. Qe1 Kd7 39. Qd2 Qf3 40. Ka2 Qe4 41.
Qd1 Ke6 42. Kb1 Nb5 43. Qg4+ Qf5 1/2-1/2